000
00289nam a2200121Ia 4500
008
190216s9999||||xx |||||||||||||| ||und||
100
_a
Moothathu V K
245
0
_a
Practical English Grammer
260
_b
University Of Calicut
_c
1995
300
_a
261p
650
_a
Grammar
942
_c
BK
999
_c
13870
_d
13870